Online
Catalog

La vida afectiva originaria del niño / (Record no. 23376)

MARC details
000 -CABECERA
campo de control de longitud fija 01064nam a2200277 a 4500
001 - NÚMERO DE CONTROL
campo de control 000023880
005 - FECHA Y HORA DE LA ÚLTIMA TRANSACCIÓN
campo de control 20250526110105.0
008 - DATOS DE LONGITUD FIJA--INFORMACIÓN GENERAL
campo de control de longitud fija 110115s1966 sp r 000 0 spa d
040 ## - FUENTE DE LA CATALOGACIÓN
Centro catalogador/agencia de origen DO-SdBNP
Lengua de catalogación spa
Centro/agencia transcriptor BNPHU
041 17 - CÓDIGO DE LENGUA
Código de lengua del texto/banda sonora o título independiente spa
Código de lengua original ita
Fuente del código Código de idiomas MARC
082 ## - NÚMERO DE LA CLASIFICACIÓN DECIMAL DEWEY
Número de clasificación 152.4
Número de documento/Ítem F727v
049 #4 - FONDOS LOCALES (OCLC)
Fondos de biblioteca BNGR
100 1# - ENTRADA PRINCIPAL--NOMBRE DE PERSONA
Nombre de persona Fornari, Franco,
9 (RLIN) 49125
240 13 - TÍTULO UNIFORME
Título uniforme La vita affettiva originaria del bambino.
Lenguaje de la obra Español
245 13 - MENCIÓN DE TÍTULO
Título La vida afectiva originaria del niño /
Mención de responsabilidad, etc. Franco Fornari ; traducción de Alberto Rueda Estrada.
260 ## - PUBLICACIÓN, DISTRIBUCIÓN, ETC.
Lugar de publicación, distribución, etc. Madrid :
Nombre del editor, distribuidor, etc. Fax,
Fecha de publicación, distribución, etc. 1966.
300 ## - DESCRIPCIÓN FÍSICA
Extensión 242 p. ;
Dimensiones 20 cm.
490 1# - MENCIÓN DE SERIE
Mención de serie Psicología - Medicina - Pastoral
Designación de volumen o secuencia 52
504 ## - NOTA DE BIBLIOGRAFÍA, ETC.
Nota de bibliografía, etc. Incluye referencias bibliográficas y notas al pie de las páginas.
534 ## - NOTA SOBRE LA VERSIÓN ORIGINAL
Frase introductoria Título original en italiano:
Mención de título del original La vita affettiva originaria del bambino.
Publicación, distribución, etc. del original Milano : Feltrinelli, 1963
650 #0 - PUNTO DE ACCESO ADICIONAL DE MATERIA--TÉRMINO DE MATERIA
Término de materia o nombre geográfico como elemento de entrada Emociones
9 (RLIN) 156
650 #0 - PUNTO DE ACCESO ADICIONAL DE MATERIA--TÉRMINO DE MATERIA
Término de materia o nombre geográfico como elemento de entrada Psicología
9 (RLIN) 152
650 #4 - PUNTO DE ACCESO ADICIONAL DE MATERIA--TÉRMINO DE MATERIA
Término de materia o nombre geográfico como elemento de entrada Afecto (psicología)
9 (RLIN) 157
700 1# - PUNTO DE ACCESO ADICIONAL--NOMBRE DE PERSONA
Nombre de persona Rueda Estrada, Alberto,
Término indicativo de función/relación tr.
9 (RLIN) 49126
830 #0 - PUNTO DE ACCESO ADICIONAL DE SERIE-TÍTULO UNIFORME
Título uniforme Psicología - Medicina - Pastoral ;
Designación de volumen o secuencia 52
9 (RLIN) 49127
Holdings
Estado de retiro Estado de pérdida Restricciones de uso No para préstamo Código de colección Localización permanente Ubicación/localización actual Ubicación en estantería Fecha de adquisición Número de inventario Total de préstamos Signatura topográfica completa Código de barras Fecha visto por última vez Precio válido a partir de Tipo de ítem Koha
    Préstamo interno   Monografías: Libros y Folletos General General En catalogación 15.01.2011 LF1   152.4 F727v 23880-10 25.06.2020 25.06.2020 Préstamo interno

Powered by Koha